|
|
|
|
| LEADER |
02674nam a22003617a 4500 |
| 001 |
37564 |
| 003 |
BD-DhAAL |
| 008 |
211117t2020 bg ||||| bi|| 001 0 eng d |
| 999 |
|
|
|c 43328
|d 43328
|
| 020 |
|
|
|a 9789849467809
|
| 040 |
|
|
|a BD-DhAAL
|
| 082 |
|
|
|a 340
|2 23
|
| 100 |
|
|
|a Islam, Mahmudul
|9 42762
|
| 245 |
|
|
|a Law of estoppel :
|b the doctrine and developments /
|c Mahmudul Islam.
|
| 260 |
|
|
|a Dhaka :
|b Mullick Brothers,
|c 2020.
|
| 300 |
|
|
|a lxiv, 412 pages ;
|c 23 cm.
|
| 504 |
|
|
|a Includes bibliographical references and index.
|
| 526 |
|
|
|a SOL
|
| 541 |
|
|
|a Mullick & Brothers
|e 37564, 37565, 37566, 37567, 37568, 37569, 37570, 37571, 37572, 37573
|
| 650 |
|
|
|a Estoppel.
|9 42763
|
| 650 |
|
|
|a Law.
|9 42764
|
| 852 |
|
|
|a Ayesha Abed Library
|c General Stacks
|
| 942 |
|
|
|2 ddc
|c BK
|
| 952 |
|
|
|0 0
|1 0
|2 ddc
|4 0
|6 340_000000000000000_ISL
|7 0
|9 69497
|a BRACUL
|b BRACUL
|c GEN
|d 2021-11-16
|e Mullick & Brothers
|g 760.00
|l 0
|o 340 ISL
|p 3010037566
|r 2021-11-16
|t 3
|v 760.00
|w 2021-11-16
|y BK
|
| 952 |
|
|
|0 0
|1 0
|2 ddc
|4 0
|6 340_000000000000000_ISL
|7 0
|9 69498
|a BRACUL
|b BRACUL
|c GEN
|d 2021-11-16
|e Mullick & Brothers
|g 760.00
|l 0
|o 340 ISL
|p 3010037567
|r 2021-11-16
|t 4
|v 760.00
|w 2021-11-16
|y BK
|
| 952 |
|
|
|0 0
|1 0
|2 ddc
|4 0
|6 340_000000000000000_ISL
|7 0
|9 69499
|a BRACUL
|b BRACUL
|c GEN
|d 2021-11-16
|e Mullick & Brothers
|g 760.00
|l 0
|o 340 ISL
|p 3010037570
|r 2021-11-16
|t 7
|v 760.00
|w 2021-11-16
|y BK
|
| 952 |
|
|
|0 0
|1 0
|2 ddc
|4 0
|6 340_000000000000000_ISL
|7 0
|9 69500
|a BRACUL
|b BRACUL
|c GEN
|d 2021-11-16
|e Mullick & Brothers
|g 760.00
|l 1
|m 3
|o 340 ISL
|p 3010037568
|q 2026-02-08
|r 2025-11-18
|s 2025-11-18
|t 5
|v 760.00
|w 2021-11-16
|y BK
|
| 952 |
|
|
|0 0
|1 0
|2 ddc
|4 0
|6 340_000000000000000_ISL
|7 0
|9 69501
|a BRACUL
|b BRACUL
|c GEN
|d 2021-11-16
|e Mullick & Brothers
|g 760.00
|l 0
|o 340 ISL
|p 3010037572
|r 2021-11-16
|t 9
|v 760.00
|w 2021-11-16
|y BK
|
| 952 |
|
|
|0 0
|1 0
|2 ddc
|4 0
|6 340_000000000000000_ISL
|7 0
|9 69502
|a BRACUL
|b BRACUL
|c GEN
|d 2021-11-16
|e Mullick & Brothers
|g 760.00
|l 0
|o 340 ISL
|p 3010037571
|r 2021-11-16
|t 8
|v 760.00
|w 2021-11-16
|y BK
|
| 952 |
|
|
|0 0
|1 0
|2 ddc
|4 0
|6 340_000000000000000_ISL
|7 0
|9 69503
|a BRACUL
|b BRACUL
|c GEN
|d 2021-11-16
|e Mullick & Brothers
|g 760.00
|l 0
|o 340 ISL
|p 3010037569
|r 2021-11-16
|t 6
|v 760.00
|w 2021-11-16
|y BK
|
| 952 |
|
|
|0 0
|1 0
|2 ddc
|4 0
|6 340_000000000000000_ISL
|7 0
|9 69504
|a BRACUL
|b BRACUL
|c GEN
|d 2021-11-16
|e Mullick & Brothers
|g 760.00
|l 0
|o 340 ISL
|p 3010037565
|r 2021-11-16
|t 2
|v 760.00
|w 2021-11-16
|y BK
|
| 952 |
|
|
|0 0
|1 0
|2 ddc
|4 0
|6 340_000000000000000_ISL
|7 0
|9 69505
|a BRACUL
|b BRACUL
|c GEN
|d 2021-11-16
|e Mullick & Brothers
|g 760.00
|l 0
|o 340 ISL
|p 3010037573
|r 2021-11-16
|t 10
|v 760.00
|w 2021-11-16
|y BK
|
| 952 |
|
|
|0 0
|1 0
|2 ddc
|4 0
|6 340_000000000000000_ISL
|7 0
|9 69506
|a BRACUL
|b BRACUL
|c GEN
|d 2021-11-16
|e Mullick & Brothers
|g 760.00
|l 0
|o 340 ISL
|p 3010037564
|r 2021-11-16
|t 1
|v 760.00
|w 2021-11-16
|y BK
|